000 00924nam a2200277 i 4500
003 DO-SdBNP
005 20250813100405.0
007 ta
008 250813s2025 dr 000 0 spa d
020 _a9789945800777
040 _aDO-SdBNP
_bspa
_cBNPHU
_erda
041 _asp
082 _axxx
_bR173c
_222
100 1 _aRamírez, Claudio
_eautor
_952164
245 1 0 _a50 De las cooperativas más importantes de la República Dominicana :
_bhistoria de éxito
246 _aCincuenta de las cooperativas más importantes de la República Dominicana :
_bhistoria de éxito
250 _aPrimera edición
264 _aSanto Domingo :
_bPublicaciones Libertad,
_c2025
300 _a372 páginas :
_bilustraciones ;
_c23 cm.
336 _2rdacontent
_atexto
_btxt
337 _2rdamedia
_asin mediación
_bn
338 _2rdacarrier
_avolumen
_bnc
590 _aInventariado, 2025/DG
910 _aDG
942 _2ddc
_cLBS1
999 _c59785
_d59785